Prízrak v myslavskej záhrade Správa z druhého sveta v prestávke pred barokovým andante

Bibliographic Details
Main Author: Szabó, Slavomír, 1964- (Author)
Format: Article
Language:Slovak
PhysicalDescription:1 obr.
Subjects:

MARC

LEADER 00000nab a2200000 a 4500
001 vtls000900347
003 SK-MaSNL
005 20260303180450.0
008 040720e19990409xo 0 slo
035 |a KE9347 
040 |a KEVKJB  |b slo  |c KEVKJB  |e AACR2 
041 0 |a slo 
044 |a xo  |c SK 
080 |a 398.42  |2 1981 
100 1 |a Szabó, Slavomír,  |d 1964-  |4 aut  |9 157682 
245 1 0 |a Prízrak v myslavskej záhrade  |b Správa z druhého sveta v prestávke pred barokovým andante 
300 |b 1 obr. 
650 0 7 |a nadprirodzené javy  |2 KEVKJB  |9 93846 
650 0 7 |a mystika  |2 KEVKJB  |9 1827 
650 0 7 |a strašidlá  |2 KEVKJB  |9 30121 
650 0 7 |a informácie  |2 KEVKJB  |9 1285 
651 7 |a Myslava (Košice II, Slovensko)  |2 KEVKJB  |9 20247 
651 7 |a Košice (Slovensko)  |2 KEVKJB  |9 18694 
773 0 8 |t Košický večer  |g Roč. 10  |g Roč. 31, 9.4.1999, s. 3 
773 0 8 |i Príl.:  |t Magazín. - Roč. 4, č. 14 (1999) 
852 |a ZVYKNI  |b KIS3GCP 
999 |c 2106538  |d 2108468